Online
Catalog

Teoría del conocimiento. / (Record no. 34524)

MARC details
000 -CABECERA
campo de control de longitud fija 00792nam a2200217 a 4500
001 - NÚMERO DE CONTROL
campo de control 000035033
005 - FECHA Y HORA DE LA ÚLTIMA TRANSACCIÓN
campo de control 20200930074048.0
008 - DATOS DE LONGITUD FIJA--INFORMACIÓN GENERAL
campo de control de longitud fija 100512s1965 cu r 000 f spa d
040 ## - FUENTE DE LA CATALOGACIÓN
Centro catalogador/agencia de origen DO-SdBNP
Lengua de catalogación spa
Centro/agencia transcriptor BNPHU
082 ## - NÚMERO DE LA CLASIFICACIÓN DECIMAL DEWEY
Número de clasificación xxxx
Número de documento/Ítem H587t
100 1# - ENTRADA PRINCIPAL--NOMBRE DE PERSONA
Nombre de persona Hessen, Johan
9 (RLIN) 40241
245 13 - MENCIÓN DE TÍTULO
Título Teoría del conocimiento. /
Mención de responsabilidad, etc. J. Hessen ; prólogo especial para esta edición por Francisco Romero traducción directa del alemán por José Gaos.
250 ## - MENCIÓN DE EDICIÓN
Mención de edición 7a ed.
260 ## - PUBLICACIÓN, DISTRIBUCIÓN, ETC.
Lugar de publicación, distribución, etc. Buenos Aires :
Nombre del editor, distribuidor, etc. Losada,
Fecha de publicación, distribución, etc. 1965.
300 ## - DESCRIPCIÓN FÍSICA
Extensión 157 p. ;
Dimensiones 18 cm.
490 1# - MENCIÓN DE SERIE
Mención de serie Biblioteca contemporánea
590 ## - NOTA LOCAL (RLIN)
Nota local Perteneció a la biblioteca personal de Juan Isidro Jimenes Grullón
700 1# - PUNTO DE ACCESO ADICIONAL--NOMBRE DE PERSONA
Nombre de persona Gaos, José
Término indicativo de función/relación tr.
9 (RLIN) 11342
700 1# - PUNTO DE ACCESO ADICIONAL--NOMBRE DE PERSONA
Nombre de persona Romero, Francisco
Término indicativo de función/relación pról.
9 (RLIN) 40242
830 #0 - PUNTO DE ACCESO ADICIONAL DE SERIE-TÍTULO UNIFORME
Título uniforme Biblioteca contemporánea
9 (RLIN) 14729
Holdings
Estado de retiro Estado de pérdida Restricciones de uso No para préstamo Código de colección Localización permanente Ubicación/localización actual Ubicación en estantería Fecha de adquisición Número de inventario Total de préstamos Signatura topográfica completa Código de barras Fecha visto por última vez Precio válido a partir de Tipo de ítem Koha
      Excluido de préstamo Monografías: Libros y Folletos General General En catalogación 24.10.2011 LF1   xxxx H587t 35033-10 25.06.2020 25.06.2020 No se presta

Powered by Koha